00233nam a2200109Ia 4500008004100000041001200041082001100053100001500064245003100079260000600110650000700116221030s9999 xx 000 0 und d aEnglish a105.23 aM H Dunham 0aData Miningcby M H Dunham c0 aMc